All the Songs from 'Godspell' - Statistics

General Stats
  • This quiz has been taken 2 times
  • The average score is 7 of 15
Answer Stats
Songs % Correct
Day by Day
100%
Alas for You
50%
All for the Best
50%
All Good Gifts
50%
Bless the Lord
50%
By My Side
50%
Finale
50%
Learn Your Lessons Well
50%
Light of the World
50%
On the Willows
50%
Save the People
50%
Turn Back, O Man
50%
We Beseech Thee
50%
Day by Day (Reprise)
0%
Prepare Ye the Way of the Lord
0%
No matching quizzes found
Score Distribution
Percent of People with Each Score
Percentile by Number Answered
Your Score History
You have not taken this quiz